China and international anti-terrorism (Record no. 588796)

000 -LEADER
fixed length control field 00389nam a22001457a 4500
020 ## - INTERNATIONAL STANDARD BOOK NUMBER
International Standard Book Number 9787508534251
082 ## - DEWEY DECIMAL CLASSIFICATION NUMBER
Classification number 363.32516
Author Mark WEI 2019
100 ## - MAIN ENTRY--PERSONAL NAME
Personal name Li, Wei,
245 ## - TITLE STATEMENT
Title China and international anti-terrorism
Statement of responsibility, etc. Li, Wei,
260 ## - PUBLICATION, DISTRIBUTION, ETC.
Place of publication, distribution, etc. China
Name of publisher, distributor, etc. Intercontinental press
Date of publication, distribution, etc. 2019
300 ## - PHYSICAL DESCRIPTION
Extent 268p
563 ## - BINDING INFORMATION
Binding note PB
942 ## - ADDED ENTRY ELEMENTS (KOHA)
Source of classification or shelving scheme
Koha item type Book
Holdings
Withdrawn status Lost status Source of classification or shelving scheme Damaged status Not for loan Permanent Location Current Location Shelving location Date acquired Total Checkouts Full call number Barcode Date last seen Price effective from Koha item type
          Centre for International Peace & Stability (CIPS) Centre for International Peace & Stability (CIPS) General Stacks 03/16/2022   363.32516 WEI 2019 CIPSD0000662 03/16/2022 03/16/2022 Book
© 2023 Central Library, National University of Sciences and Technology. All Rights Reserved.